ঢ়
ক্ষ
ড়
ঢ়
য়
র-ফলা‌‌‌
 
 
য-ফলা
ি
 
 
রেফ
 
 
 
যুক্ত করুন/হসন্ত
Space
Enter

101 top tips : (Record no. 8588)

000 -LEADER
fixed length control field 00691nam a2200217 4500
001 - CONTROL NUMBER
control field 22704
003 - CONTROL NUMBER IDENTIFIER
control field BD-DhUAP
005 - DATE AND TIME OF LATEST TRANSACTION
control field 20250601125829.0
008 - FIXED-LENGTH DATA ELEMENTS--GENERAL INFORMATION
fixed length control field 250601b2013 ay a|o|| |||| 001 0ceng d
020 ## - INTERNATIONAL STANDARD BOOK NUMBER
International Standard Book Number 9781908150905
040 ## - CATALOGING SOURCE
Original cataloging agency BD-DhUAP
Language of cataloging ENG
Transcribing agency BD-DhUAP
Modifying agency BD-DhUAP
Description conventions BD-DhUAP
082 ## - DEWEY DECIMAL CLASSIFICATION NUMBER
Edition number 23
Classification number 778.59 BEA
100 ## - MAIN ENTRY--PERSONAL NAME
Personal name Beardsworth,John
Dates associated with a name Author.
245 ## - TITLE STATEMENT
Title 101 top tips :
Remainder of title for black & white digital photography /
Statement of responsibility, etc. Author:John Beardsworth .
260 ## - PUBLICATION, DISTRIBUTION, ETC.
Place of publication, distribution, etc. Lewes,
Name of publisher, distributor, etc. Ilex ;
Date of publication, distribution, etc. 2013 .
300 ## - PHYSICAL DESCRIPTION
Extent 176 p
Other physical details ill;
Dimensions 24cm
504 ## - BIBLIOGRAPHY, ETC. NOTE
Bibliography, etc. note Include Index and Bibliography.
650 ## - SUBJECT ADDED ENTRY--TOPICAL TERM
Topical term or geographic name entry element Black-and-white photography Technique .
650 ## - SUBJECT ADDED ENTRY--TOPICAL TERM
Topical term or geographic name entry element Photography Digital techniques .
942 ## - ADDED ENTRY ELEMENTS (KOHA)
Source of classification or shelving scheme
Koha item type Book
Holdings
Withdrawn status Lost status Source of classification or shelving scheme Damaged status Not for loan Permanent Location Current Location Shelving location Date acquired Full call number Barcode Date last seen Copy number Cost, replacement price Price effective from Koha item type
          UAP Central Library UAP Central Library General Stacks 2025-06-01 778.59 BEA 3010022704 2025-06-01 1 2684.00 2025-06-01 Book

All rights reserved © UAP Central Library,
University of Asia Pacific.